| 000 | 00480nam a2200181Ia 4500 | ||
|---|---|---|---|
| 003 | LK-CoDNM | ||
| 005 | 20240424154351.0 | ||
| 008 | 010623t1942 xxu||||| |||| 00| 1 sin d | ||
| 040 |
_aLK-CoDNM _dLK-CoDNM _eLK-CoDNM |
||
| 041 | _asin | ||
| 080 | _aජ85 | ||
| 100 | _aJessen,A.F | ||
| 245 | _aශ්රි ලංකා දූතයා | ||
| 246 | _aThe Shri Lanka Duthayaa | ||
| 260 |
_bThe Oriental Publishing House _aIndia _c1942 |
||
| 300 | _b10P.,27 cm | ||
| 942 | _cBK | ||
| 999 |
_c100188 _d100188 |
||